01015nam a2200241Ia 4500003000400000005001700004008004100021020001800062040001800080041000800098082002100106100002500127245011300152250001200265260004100277300003000318650005300348650005400401650010500455942003000560999001900590952016400609OSt20240524141442.0210716s2004 xx 000 0 und d a9780273663966 cAIMIT LIBRARY aeng a374.22 21bPHEB aPhelps, Bob.9167446 aSmart business metrics : bmeasure what really counts and manage what makes the difference /cBy Bob Phelps. a1st ed. aLondon :bPearson Education ,c2004. axiii,207p. ;bPBc23.4 cm aSmart business metrics for value drivers9167447 aSmart business metrics for value builders9167448 aThe dynamics of smart business metrics: joined up management and the competitive environment9167449 2ddccBKe1stk374.22 PHEB c207496d207496 00102ddc40708MBAaAIMITbAIMITd2012-10-01g550.00iBill no:1348; Bill dt:2012-09-19l0o374.22 PHEBpMBA10062r2025-07-21 00:00:00v412.50w2021-07-16yBK